000 01361cam a22003377a 4500
999 _c329064
_d329064
001 15978786
003 Nust
005 20170421130255.0
008 091109s2009 dk ab b 001 0 eng
010 _a 2009278817
020 _a9788750209676 (Polyteknisk)
020 _a8750209671 (Polyteknisk)
020 _a8750209620 (Polyteknisk)
020 _a9788750209621 (Polyteknisk)
020 _a9781847558657 (RSC)
020 _a1847558658 (RSC)
035 _a(OCoLC)ocn427548200
040 _aAGL
_cAGL
_dAGL
_dBTCTA
_dYDXCP
_dBWK
_dBWX
_dCUD
_dDLC
042 _alccopycat
050 0 0 _aTD883
_b.A4782 2008
070 0 _aTD883
_b.A37 2009
082 _a363.739 FEN
245 0 0 _aAir pollution--from a local to global perspective /
_cEdited by Jes Fenger & Jens Christian Tjell.
250 _a1st ed.
260 _aLyngby, Denmark :
_bPolyteknisk ;
_aCambridge, UK :
_bRSC Pub. [distributor],
_c2009.
300 _a488 p. :
_bill. (some col.), maps (some col.) ;
_c24 cm.
500 _aP.B
504 _aIncludes bibliographical references and index.
650 0 _aAir
_xPollution.
700 1 _aFenger, J.
_q(Jes)
700 1 _aTjell, Jens Christian.
906 _a7
_bcbc
_ccopycat
_d2
_encip
_f20
_gy-gencatlg
942 _2ddc
_cBK
_k363.739 FEN